000 00690nam a2200241 a 4500
001 BRCA_6200
005 20190320205352.0
008 120711s1911----fr-a######---#000-1#fre-#
041 _afre
044 _afr
050 4 _aPQ2216
_b.D38 2 1911
100 1 _aDaudet, Alphonse
_914910
245 1 0 _aTartarin de Tarascon
_cAlphonse Daudet ; illustré par J. Girardet ... [et al.]
260 _aParĂ­s
_bErnest Flammarion
_c[1911]
300 _a233 p.
_bil.
_c17 cm.
440 0 _aCollection Guillaume
_915597
500 _aEjemplar igual a CEF62
500 _aI60
650 1 4 _aLiteratura francesa
_915598
700 1 _aGirardet, J.
_eIlustrador
_915599
902 _aGFM
942 _2lcc
_cB
999 _c5887
_d5887